000 nam a22 a 4500
999 _c558
_d558
003 AKMAL
005 20170504112550.0
008 170504s2001 my 00 may d
020 _a9832311640 (kkt.):
_cRM15.00
040 _aAKMAL
_cAKMAL
049 0 0 _aklpmal
082 0 4 _a155.53 ROB
_221
090 0 0 _a155.53
_bROB
090 2 0 _a155.53
_bROB
100 0 _aRobiah Kulop Hamzah,
_d1951-
_91242
245 1 0 _aMembina hubungan berkualiti /
_cRobiah Kulop Hamzah
260 _aKuala Lumpur :
_bPTS Publications & Distributors,
_c2001
300 0 0 _a[iv], 184ms. :
_bil. ;
_c20cm
440 0 _aTeknik dan strategi membimbing remaja
_91243
500 _aMengandungi indeks
504 _aBibliografi: ms. [181]-182
650 0 _aYouth
_xConduct of life
_91244
650 0 _aYouth
_xSexual behavior
_91245
650 0 _aInterpersonal relations
_9487
942 _2ddc
_cBOOK